00411 2200169 4500245004200000020001800042250001100060100001700071700001900088650001700107005001900124260003800143041001400181084000800195300002900203336000900232 aCinta yang HilangcAchmad MunifhText a979-7564-48-7 aCet. 1 aAchmad Munif aWindy Afiyanti aNovel Remaja a20230714102859 aYogyakartabPenerbit Narasic2004 aIndonesia a813 aviii, 152 hlm. :c18 cm. atext